000 00642nam a2200241Ia 4500
003 OSt
005 20220926035751.0
006 a|||||r|||| 00| 0
007 ta
008 220923b |||||||| |||| 00| 0 eng d
037 _cGeneral Book
040 _aRTL
_cRTL
_beng
041 _2eng
_aeng
082 _aX:SDR-8F, J2
110 _aAMERICAN INSTITUTE OF ACCOUNTANT.
_9342735
245 0 _aChanging concepts of business income.
260 _c1952
300 _a160p
_ccm.
650 _aFinance
700 _aAMERICAN INSTITUTE OF ACCOUNTANT.
_9342736
942 _hX:SDR-8F, J2
_cGB
_2CC
999 _c663021
_d663021